书目信息 |
| 题名: |
金融英语阅读 上
|
|
| 作者: | 周丽娟 主编 | |
| 分册: | ||
| 出版信息: | 北京 外语教学与研究出版社 1998.08 |
|
| 页数: | 211页 | |
| 开本: | 32开 | |
| 丛书名: | ||
| 单 册: | ||
| 中图分类: | H319.4 | |
| 科图分类: | ||
| 主题词: | 英语 | |
| 电子资源: | ||
| ISBN: | 7-5600-1411-9 | |
| 000 | 00565nam0 2200193 45 | |
| 001 | 0010281778 | |
| 005 | 20001028172837.7 | |
| 010 | @a7-5600-1411-9@d8.90元 | |
| 100 | @a20001028d1998 km y0chiy0120 ea | |
| 101 | 0 | @achi |
| 105 | @a z 000yy | |
| 200 | 1 | @a金融英语阅读 上@AJin Rong Ying Yu Yue Du Shang@f周丽娟等主编@FZhou Li Juan Deng Zhu Bian |
| 210 | @a北京@c外语教学与研究出版社@d1998.08 | |
| 215 | @a211页@d32开 | |
| 606 | 0 | @a英语 |
| 690 | @aH319.4@v3 | |
| 701 | 0 | @a周丽娟@4主编 |
| 801 | @aCN@bPftUser@c20001028 | |
| 905 | @b195092-093@dH319.4@eZH349:1@f2 | |
| 金融英语阅读 上/周丽娟等主编.-北京:外语教学与研究出版社,1998.08 |
| 211页;32开 |
| ISBN 7-5600-1411-9:8.90元 |
| ● |
| 相关链接 |
|
|
|
正题名:金融英语阅读上
索取号:H319.4/ZH349:1
 
预约/预借
| 序号 | 登录号 | 条形码 | 馆藏地/架位号 | 状态 | 备注 |
| 1 | 195092 | 201950923 | 语言库209/209语言库 51排2列2层/ [索取号:H319.4/ZH349:1] | 在馆 | |
| 2 | 195093 | 201950932 | 语言库209/209语言库 51排2列2层/ [索取号:H319.4/ZH349:1] | 在馆 |